State Initials but Countries - Statistics

General Stats
  • This quiz has been taken 29 times
    11 since last reset
  • The average score is 35 of 50
Answers on the Map
Answers color-coded by a green-red scale on the quiz's map according to % correct below.
 
Answer Stats
Answer % Correct
Alaska
100%
Connecticut
100%
Florida
100%
Hawaii
100%
Idaho
100%
Kansas
100%
Maryland
100%
Minnesota
100%
Mississippi
100%
Montana
100%
Nevada
100%
New Hampshire
100%
New Jersey
100%
New Mexico
100%
North Carolina
100%
Ohio
100%
Oklahoma
100%
Oregon
100%
Rhode Island
100%
South Carolina
100%
South Dakota
100%
Tennessee
100%
Texas
100%
Utah
100%
Vermont
100%
Washington
100%
West Virginia
100%
Wisconsin
100%
Wyoming
100%
Iowa
78%
Alabama
44%
Georgia
44%
North Dakota
44%
Pennsylvania
44%
California
33%
Colorado
33%
Indiana
33%
Massachusetts
33%
Nebraska
33%
Arizona
22%
Arkansas
22%
Maine
22%
New York
22%
Virginia
22%
Illinois
11%
Louisiana
11%
Michigan
11%
Missouri
11%
Delaware
0%
Kentucky
0%
No matching quizzes found
Score Distribution
Percent of People with Each Score
Percentile by Number Answered
Your Score History
You have not taken this quiz since the last reset